Aagamai minisage diunuwai mata penena hati (Record no. 835)
[ view plain ]
| 000 -LEADER | |
|---|---|
| fixed length control field | 00412nam a2200157Ia 4500 |
| 005 - DATE AND TIME OF LATEST TRANSACTION | |
| control field | 20250516023421.0 |
| 008 - FIXED-LENGTH DATA ELEMENTS--GENERAL INFORMATION | |
| fixed length control field | 240331s9999 xx 000 0 und d |
| 020 ## - INTERNATIONAL STANDARD BOOK NUMBER | |
| ISBN | 9552102634 |
| 082 ## - DDC Classification | |
| Class No. | 291 |
| Item Number - Author Mark | PER |
| 100 ## - MAIN ENTRY--PERSONAL NAME | |
| Personal name | Perera, P |
| 245 #0 - TITLE STATEMENT | |
| Title | Aagamai minisage diunuwai mata penena hati |
| 260 ## - PUBLICATION, DISTRIBUTION, ETC. | |
| Place of publication, distribution, etc. | Nugegoda |
| Name of publisher, distributor, etc. | M. D. gunasena Books |
| Date of publication, distribution, etc. | 1988 |
| 300 ## - PHYSICAL DESCRIPTION | |
| Extent (e.g. Volumes, Pages etc.) | 77 p ., |
| 500 ## - GENERAL NOTE | |
| General note | Religion and Human Development |
| 942 ## - Koha item type (Biblio) | |
| Koha item type | Books in Stacks (Lending) |
| Lost status | Damaged status | Collection code | Home library | Current library | Shelving location | Date acquired | Full call number | Accession Number | Item type |
|---|---|---|---|---|---|---|---|---|---|
| Lending | WERC Library | WERC Library | Social Science Cupboard | 03/31/2024 | 291 PER | 3359 | Books in Stacks (Lending) |
